000 00490nam a2200133 a 4500
008 120416s1976 xx |||||||||||||| || u
050 _aLB 2365.L4 Wil
100 _aWilkins, D. A
245 1 0 _aNotation syllabuses
246 _aa taxonomy and its relevance to foreign curriculum development
260 _c1976
350 _a0.00
995 _D0.00
_FCBU-MAIN LIBRARY (Kitwe)
_H1
_I2.75
_M1
_UAVAILABLE
_ZAnnex Low-Usage Collection
999 _c52390
_d52390